000 01630cam a2200361 a 4500
999 _c232582
_d232582
001 4018969
003 nust
005 20180117090022.0
008 971112s1998 nyua b 001 0beng
010 _a 97049220
020 _a0471194085 (cloth : alk. paper)
040 _aDLC
_cDLC
_dDLC
043 _an-us---
050 0 0 _aHD9349.S632
_bG74 1998
082 0 0 _a338.7/66362/092
_aB
_221
100 1 _aGreising, David,
_d1960-
245 1 0 _aI'd like the world to buy a coke :
_bthe life and leadership of Roberto Goizueta /
_cDavid Greising.
246 3 _aI would like the world to buy a coke
260 _aNew York :
_bWiley,
_cc1998.
300 _axviii, 334 p. :
_bill. ;
_c24 cm.
504 _aIncludes bibliographical references (p. 305-321) and index.
600 1 0 _aGoizueta, Roberto,
_d1931-1997.
610 2 0 _aCoca-Cola Company.
650 0 _aChief executive officers
_zUnited States
_xBiography.
650 0 _aSoft drink industry
_zUnited States.
856 4 _3Table of Contents
_uhttp://lcweb.loc.gov/catdir/toc/97049220.html
856 4 2 _3Contributor biographical information
_uhttp://www.loc.gov/catdir/enhancements/fy0706/97049220-b.html
856 4 2 _3Publisher description
_uhttp://www.loc.gov/catdir/enhancements/fy0706/97049220-d.html
906 _a7
_bcbc
_corignew
_d1
_eocip
_f19
_gy-gencatlg
942 _2ddc
_cBK